Logo BPK

Biblioteka

Politechniki Koszalińskiej

Środowisko LabVIEW w eksperymencie wspomaganym komputerowo / (Rekord nr 42368)

Szczegóły MARC
000 -ETYKIETA REKORDU
podpole kontrolne o stałej długości 00914nam a2200265 i 4500
001 - NUMER KONTROLNY REKORDU
pole kontrolne bg
003 - IDENTYFIKATOR NUMERU KONTROLNEGO REKORDU
podpole kontrolne BPK
005 - DATA OSTATNIEJ MODYFIKACJI REKORDU
podpole kontrolne 20131217134648.0
008 - POLE O STAŁEJ DŁUGOŚCI - DANE KONTROLNE
podpole kontrolne o stałej długości s pl f |000 0 pol
020 ## - MIĘDZYNARODOWY ZNORMALIZOWANY NUMER KSIĄŻKI - ISBN
ISBN 8320427541
040 ## - ŹRÓDŁO KATALOGOWANIA
Instytucja, która utworzyła rekord BPK
041 0# - KOD JĘZYKA
Kod języka tekstu pl
080 ## - UNIWERSALNA KLASYFIKACJA DZIESIĘTNA - UKD
UKD 004.43:004.45]:621.317
100 1# - NAZWA OSOBOWA
Nazwa osobowa TŁACZAŁA, Wiesław
245 10 - TYTUŁ/ODPOWIEDZIALNOŚĆ
Tytuł Środowisko LabVIEW w eksperymencie wspomaganym komputerowo /
Pozostałe elementy strefy tytułu i oznaczenia odpowiedzialności Wiesław Tłaczała.
260 ## - STREFA ADRESU WYDAWNICZEGO
Miejsce wydania Warszawa :
Nazwa wydawcy/dystrybutora Wydawnictwa Naukowo-Techniczne,
Data publikacji, dystrybucji/powstania dokumentu 2002.
300 ## - STREFA OPISU FIZYCZNEGO
Objętość 337, [1] s. :
Inne cechy fizyczne il. ;
Rozmiary 24 cm +
Dokument towarzyszący CD ROM.
504 ## - UWAGA DOTYCZĄCA BIBLIOGRAFII
Informacje o bibliografii Bibliogr. - Indeks.
650 #9 - HASŁO PRZEDMIOTOWE W FORMIE NAZWY OGÓLNEJ LUB JEDNOSTKOWEJ
Nazwa ogólna lub geograficzna LabVIEW
Określnik ogólny programowanie
650 #9 - HASŁO PRZEDMIOTOWE W FORMIE NAZWY OGÓLNEJ LUB JEDNOSTKOWEJ
Nazwa ogólna lub geograficzna Przyrządy pomiarowe
650 #9 - HASŁO PRZEDMIOTOWE W FORMIE NAZWY OGÓLNEJ LUB JEDNOSTKOWEJ
Nazwa ogólna lub geograficzna Układy elektroniczne
655 ## - TERMIN INDEKSOWY - OKREŚLENIE RODZAJU/FORMY DOKUMENTU
Określenie rodzaju/formy dokumentu Podręczniki akademickie
856 ## - LOKALIZACJA I DOSTĘP DO ELEKTRONICZNYCH DOKUMENTÓW ZDALNYCH
Link (URL) http://koha.tu.koszalin.pl/cgi-bin/koha/opac-detail.pl?biblionumber=42368
Tekst linku Katalog online BPK
942 ## - DODATKOWE ELEMENTY (KOHA)
Typ dokumentu Książka
Schemat klasyfikacji Universal Decimal Classification
Egzemplarze
Wycofany Status egzemplarza Uszkodzony Dostępność Lokalizacja stała Lokalizacja bieżąca Miejsce przechowywania Sygnatura Kod kreskowy Dział Typ dokumentu Ostatnio wypożyczono Status: wypożyczony
      Tylko na miejscu Biblioteka Politechniki Koszalińskiej Biblioteka Politechniki Koszalińskiej Czytelnia BG 66552 01984125 004.42 Programy komputerowe Książka    
      Dostępny Biblioteka Politechniki Koszalińskiej Biblioteka Politechniki Koszalińskiej Wypożyczalnia BG 66553 01984118   Książka    
      Dostępny Biblioteka Politechniki Koszalińskiej Biblioteka Politechniki Koszalińskiej Wypożyczalnia BG 66554 01984101   Książka 17.10.2022  
      Dostępny Biblioteka Politechniki Koszalińskiej Biblioteka Politechniki Koszalińskiej Wypożyczalnia BG 66555 01984095   Książka 10.10.2022  
      Dostępny Biblioteka Politechniki Koszalińskiej Biblioteka Politechniki Koszalińskiej Wypożyczalnia BG 66556 01984088   Książka   01.03.2022
© 2023 Biblioteka Politechniki Koszalińskiej :: KOHA